000 00633nam a22002417a 4500
003 UA-OsUOA
001 24790
007 ta
008 20040302b un ||||| |||| 00| 0 ukr d
090 _a342(477)
_bО-75
942 _cBK
040 _aUA-OsUOA
_bukr
_cUA-OsUOA
_dUA-OsUOA
245 _aОснови конституційного права України
_bПідручник
_cРед. В.В.Копейчиков
300 _a208 с.
955 _a0
041 _aukr
080 _a342(477)
020 _a966-7059-13-8
260 _aКиїв
_bЮрінком
_c1997
044 _aUA
650 7 _2UDC
999 _c311073
_d311073